| 000 | 00907nam a2200217Ii 4500 | ||
|---|---|---|---|
| 003 | JO-AjNU | ||
| 008 | 230605s9999||||xx |||||||||||||| ||und|| | ||
| 017 | _a2021/3/1409 | ||
| 020 | _a978-9957-958-49-7 | ||
| 040 |
_aJO-AjNU _bara _erda _cJO-AjNU |
||
| 041 | _aara | ||
| 050 | 1 | 4 | _aHD30.28 2021 |
| 100 | 3 |
_aالتلاوي، صلاح, _eauthor _961600 |
|
| 245 | 0 | 0 | _aالادارة الاستراتيجية في منظمات الاعمال: (التخطيط - القيادة - القرار - الاهداف) |
| 264 | 3 | 1 | _aعمان: دار الايام للنشر والتوزيع، 2021 |
| 300 | _a242ص | ||
| 336 |
_atext _btxt _2rdacontent |
||
| 337 |
_aunmediated _bn _2rdamedia |
||
| 338 |
_avolume _bnc _2rdacarrier |
||
| 650 | 4 |
_aالتخطيط الاستراتيجي-اتخاذ القرارات-القيادة الادارية-النجاح الاداري-الادارة التنفيذية _961601 |
|
| 999 |
_aA27852 _c31420 _d31420 |
||